Análisis numérico : (Registro nro. 124)
[ vista simple ]
| 000 -LEADER | |
|---|---|
| fixed length control field | 01418nam a2200289Ia 4500 |
| 003 - CONTROL NUMBER IDENTIFIER | |
| control field | PE SENCICO BE |
| 005 - DATE AND TIME OF LATEST TRANSACTION | |
| control field | 20251020182427.0 |
| 008 - FIXED-LENGTH DATA ELEMENTS--GENERAL INFORMATION | |
| fixed length control field | 200515s9999 xx 000 0 und d |
| 020 ## - INTERNATIONAL STANDARD BOOK NUMBER | |
| International Standard Book Number | 978-84-291-5172-5 |
| 040 ## - CATALOGING SOURCE | |
| Original cataloging agency | PE SENCICO BE |
| Transcribing agency | PE SENCICO BE |
| 082 ## - DEWEY DECIMAL CLASSIFICATION NUMBER | |
| Classification number | 518 |
| Item number | C26 |
| 100 1# - MAIN ENTRY--PERSONAL NAME | |
| 9 (RLIN) | 1285 |
| Personal name | Cárdenas Morales, Daniel |
| Relator term | autor |
| 245 10 - TITLE STATEMENT | |
| Title | Análisis numérico : |
| Remainder of title | primeros pasos / |
| Statement of responsibility, etc. | Daniel Cárdenas Morales, Samuel Gómez Moreno, Francisco Jiménez Sánchez, Francisco Tomás Sánchez Cobo |
| 250 ## - EDITION STATEMENT | |
| Edition statement | [1a ed.] |
| 260 ## - PUBLICATION, DISTRIBUTION, ETC. | |
| Place of publication, distribution, etc. | Barcelona : |
| Name of publisher, distributor, etc. | Reverté, |
| Date of publication, distribution, etc. | 2014 |
| 300 ## - PHYSICAL DESCRIPTION | |
| Extent | viii, 326 p. : |
| Other physical details | diagrs. ; |
| Dimensions | 24 cm. |
| 504 ## - BIBLIOGRAPHY, ETC. NOTE | |
| Bibliography, etc. note | Bibliografía: p. 315-318. |
| 520 ## - SUMMARY, ETC. | |
| Summary, etc. | Esta obra pretende ser una introducción al análisis numérico; disciplina que se ocupa del diseño y estudio de procedimientos de resolución aproximada de problemas de matemáticas con la ayuda del ordenador. Esta dirigida a estudiantes de grado en ciencias experimentales, en ingeniería o en alguna carrera técnica, donde las matemáticas actuales no se pueden concebir sin la capa que le otorga a la disciplina. |
| 650 14 - SUBJECT ADDED ENTRY--TOPICAL TERM | |
| Topical term or geographic name entry element | Análisis numérico |
| 9 (RLIN) | 1286 |
| 650 24 - SUBJECT ADDED ENTRY--TOPICAL TERM | |
| Topical term or geographic name entry element | Métodos numéricos |
| 9 (RLIN) | 577 |
| 650 24 - SUBJECT ADDED ENTRY--TOPICAL TERM | |
| Topical term or geographic name entry element | Ecuaciones |
| 9 (RLIN) | 578 |
| 700 1# - ADDED ENTRY--PERSONAL NAME | |
| 9 (RLIN) | 1287 |
| Personal name | Gómez Moreno, Samuel |
| Relator term | autor |
| 700 1# - ADDED ENTRY--PERSONAL NAME | |
| 9 (RLIN) | 1288 |
| Personal name | Jiménez Sánchez, Francisco |
| Relator term | autor |
| 700 1# - ADDED ENTRY--PERSONAL NAME | |
| 9 (RLIN) | 1289 |
| Personal name | Sánchez Cobo, Francisco Tomás |
| Relator term | autor |
| 942 ## - ADDED ENTRY ELEMENTS (KOHA) | |
| Koha item type | Libros |
| Source of classification or shelving scheme | Dewey Decimal Classification |
| Fecha de la última vez que lo usaron | Número de ingreso o de inventario | Pago total | Signatura topográfica completa | Código de barras | Precio efectivo desde | Tipo de documento | Estado perdido | Sistema de clasificación | Estado dañado | No es para préstamo | Retirado | Ubicación permanente | Ubicación actual | Fecha de adquisición | Fuente de adquisición |
|---|---|---|---|---|---|---|---|---|---|---|---|---|---|---|---|
| 15/05/2020 | 16609 | 518/C26 | BibLima25070032 | 20/10/2025 | Libros | Dewey Decimal Classification | Biblioteca Central Lima | Biblioteca Central Lima | 26/07/2023 | Comprado de la librería Libun |